Condensed matter physics
Saved in:
| Hovedforfatter: | |
|---|---|
| Format: | Bog |
| Sprog: | engelsk |
| Udgivet: |
Danvers
John Wiley & Sons
2000
|
| Udgivelse: | 1a. ed |
| Fag: | |
| Tags: |
Tilføj Tag
Ingen Tags, Vær først til at tagge denne postø!
|
MARC
| LEADER | 00000nam a2200000 a 4500 | ||
|---|---|---|---|
| 001 | UCH7823 | ||
| 003 | CL-VaPUC | ||
| 008 | 091126e20000000US |||||||||||||||||eng|d | ||
| 020 | |a 0471177792 | ||
| 082 | 0 | 4 | |a 530.41 |b MAR |2 21 |
| 100 | |a Marder, Michael P. |e autor |9 544172 | ||
| 245 | 1 | 0 | |a Condensed matter physics |
| 250 | |a 1a. ed | ||
| 300 | |a 895 p | ||
| 942 | |c BK | ||
| 945 | |d 20091126 00:00:00 |a cmena | ||
| 260 | |a Danvers |b John Wiley & Sons |c 2000 | ||
| 650 | 7 | |a MATERIA CONDENSADA |2 CL-VaPUC |9 544173 | |
| 650 | 7 | |a FISICA DE LA MATERIA |2 CL-VaPUC |9 358362 | |
| 650 | 0 | |a Física del estado solido |9 315365 | |
| 650 | 7 | |a ESTRUCTURA DE LA MATERIA |2 CL-VaPUC |9 392583 | |
| 650 | 0 | |a Propiedades mecánicas |9 262507 | |
| 583 | |a last modification |c 20091126 00:00:00 |k Rodrigo Vera | ||
| 999 | |c 338171 |d 338169 | ||
| 952 | |0 0 |1 0 |4 0 |6 530_410000000000000_MAR_2000 |7 0 |8 A |9 431035 |a BIBCUR |b BIBCUR |d 2019-11-22 |i 4621956 |o 530.41 MAR 2000 |p 4621956 |r 2025-04-22 |w 2019-11-22 |y BK |k DCF | ||